000 00675nam a22002177a 4500
003 OSt
005 20251127153739.0
008 251127b |||||||| |||| 00| 0 eng d
020 _a1-84392-124-3.
040 _aDWCL-Main lib
_cOC
082 _aGR. 363.25 In62 2006
100 _aWilliamson, Tom
245 _aInvestigative interviewing : rights, research and regulation
_cWilliamson, Tom
260 _aUK :
_bWilliam Publishing,
_cc2006.
300 _axxi, 370 pages ;
_b24 cm.
504 _aIncludes bibliographical references and index.
650 _21. Civil rights.
650 _22. Criminal investigation.
650 _23. Interviewing.
942 _2ddc
_cGR
_kGR.
_n0
999 _c6502
_d6502